000 00776nam a2200217Ii 4500
003 JO-AjNU
008 230605s9999||||xx |||||||||||||| ||und||
017 _a1991/9/483
040 _aJO-AjNU
_bara
_erda
_cJO-AjNU
041 _aara
050 1 4 _aHT 1521 .H3288 1991
100 3 _aتأليف: حداد، مهنا يوسف / م.مشارك: نعمان جبران,
_eauthor
_914720
245 0 0 _aالعنصرية في الفكرين الغربي والعربي
250 _aط1
264 3 1 _aاربد: قدسية للنشر، 1991
300 _a159ص
_bيحتوي على ببلوغرافية من 129-159ص
336 _atext
_btxt
_2rdacontent
337 _aunmediated
_bn
_2rdamedia
338 _avolume
_bnc
_2rdacarrier
650 4 _aالجماعات العرقية
_914721
999 _aA3992
_c7560
_d7560